| 000 | 00399nam a2200109Ia 4500 | ||
|---|---|---|---|
| 008 | 171204s9999 xx 000 0 und d | ||
| 245 | _aFocus on Fortifications: New Research on Fortifications in the Ancient Mediterranean and the Near East: | ||
| 245 | _cMike Schnelle, Rune Frederiksen, and Silke Muth | ||
| 260 | _c2016 | ||
| 650 | _xHistory | ||
| 856 | _uhttp://down.ebook777.com/064/1785701312.pdf | ||
| 999 |
_c345529 _d345529 |
||